000 00499nam a22001817a 4500
003 MPLRDC
005 20220104124454.0
008 210129b ||||| |||| 00| 0 eng d
082 _a308.9 ZJET v.3
100 _a阳铭出版社编辑部
245 _a小叮当趣味科学小百科. 三: 植物科学
_c
250 _a最新版
260 _a
_b阳铭出版社
_c1992
300 _b
490 _a最佳儿童课外读物. 3
650 _a儿童用科学丛书
942 _cBK
_o308.9 ZJET v.3
999 _c19607
_d19597